[Event "Titled Tuesday intern op 13th Feb Late"]
[Site "Chess.com INT"]
[Date "2024.02.13"]
[Round "4"]
[White "Saim, Mohamed Ilias"]
[Black "Torres, Yelfry"]
[Result "1-0"]
[WhiteElo "2169"]
[BlackElo "2061"]
[PlyCount "87"]
[EventDate "2024.02.13"]
[EventType "swiss (blitz)"]
[EventRounds "11"]
[EventCountry "USA"]
[SourceTitle "CB08_2024"]
[SourceDate "2024.02.21"]
[SourceVersion "1"]
[SourceVersionDate "2024.02.21"]
[SourceQuality "1"]

1. c4 Nf6 2. g3 d6 3. Bg2 Nbd7 4. Nc3 e5 5. e4 Be7 6. Nge2 0-0 7. 0-0 c6 8. d3 a6 9. f4 b5 10. b3 Bb7 11. h3 Nb6 12. f5 b4 13. Nb1 d5 14. Nd2 a5 15. Nf3 Nbd7 16. Bb2 Qb8 17. Qc2 h6 18. g4 Nc5 19. Ng3 Bd6 20. Rae1 a4 21. d4 exd4 22. e5 axb3 23. axb3 d3 24. Qd2 Nxb3 25. Qxd3 Bc5+ 26. Kh2 dxc4 27. Qxc4 Ba6 28. Qxb3 Bxf1 29. Bxf1 Nd5 30. Bc4 Bf2 31. Rd1 Rd8 32. Ne4 Bb6 33. Bxd5 cxd5 34. Rxd5 Rxd5 35. Qxd5 b3 36. Nd6 Ra7 37. e6 Bc7 38. exf7+ Kf8 39. Be5 b2 40. Nd2 b1Q 41. Nxb1 Qxb1 42. Bxg7+ Kxg7 43. f8Q+ Kxf8 44. Qf7# 1-0

[Event "Titled Tuesday intern op 06th Feb Late"]
[Site "Chess.com INT"]
[Date "2024.02.06"]
[Round "3"]
[White "Saim, Mohamed Ilias"]
[Black "Fernandez Hernandez, Gerardo"]
[Result "1-0"]
[WhiteElo "2169"]
[BlackElo "2163"]
[PlyCount "117"]
[EventDate "2024.02.06"]
[EventType "swiss (blitz)"]
[EventRounds "11"]
[EventCountry "USA"]
[SourceTitle "CB07_2024"]
[SourceDate "2024.02.14"]
[SourceVersion "1"]
[SourceVersionDate "2024.02.14"]
[SourceQuality "1"]

1. d4 Nf6 2. Bg5 e6 3. Nd2 h6 4. Bh4 c5 5. e3 cxd4 6. exd4 b6 7. c3 Bb7 8. Ngf3 Be7 9. Bd3 d6 10. 0-0 Nbd7 11. Re1 Nd5 12. Bxe7 Qxe7 13. g3 h5 14. a3 h4 15. Nxh4 Nf4 16. Be4 Bxe4 17. Nxe4 f5 18. Nxf5 Nh3+ 19. Kg2 Qf8 20. Nexd6+ Kd8 21. Qf3 Rb8 22. Rxe6 Ng5 23. Qd5 Nxe6 24. Qxe6 Qf6 25. Nf7+ Kc7 26. Qxf6 Nxf6 27. Nxh8 Rxh8 28. Nxg7 Ng4 29. h4 Nf6 30. Re1 Kd7 31. Nf5 Rh7 32. f3 Kc6 33. g4 Nd5 34. Kg3 Kb5 35. Nd6+ Ka4 36. g5 Kb3 37. g6 Rg7 38. h5 Ne7 39. Kh4 Kxb2 40. Kg5 Kxc3 41. Nf5 Rg8 42. Nxe7 Rd8 43. g7 Rb8 44. g8Q Kd2 45. Qxb8 Kxe1 46. Qxa7 Kf2 47. Qxb6 Kg3 48. h6 Kh3 49. Qe6+ Kg3 50. Qg4+ Kf2 51. f4 Ke3 52. f5 Kd3 53. f6 Kc4 54. f7 Kc3 55. f8Q Kd3 56. d5 Kc3 57. Qff3+ Kc2 58. Qgg2+ Kb1 59. Qff1# 1-0

[Event "Titled Tuesday intern op 23rd Jan Late"]
[Site "Chess.com INT"]
[Date "2024.01.23"]
[Round "2"]
[White "Ezat, Mohamed Mahmoud"]
[Black "Saim, Mohamed Ilias"]
[Result "1-0"]
[WhiteElo "2349"]
[BlackElo "2169"]
[PlyCount "53"]
[EventDate "2024.01.23"]
[EventType "swiss (blitz)"]
[EventRounds "11"]
[EventCountry "USA"]
[SourceTitle "CB05_2024"]
[SourceDate "2024.01.31"]
[SourceVersion "1"]
[SourceVersionDate "2024.01.31"]
[SourceQuality "1"]

1. d4 Nf6 2. c4 e6 3. Nc3 Bb4 4. e3 b6 5. a3 Bxc3+ 6. bxc3 c5 7. Bd3 Bb7 8. f3 0-0 9. Ne2 Nc6 10. 0-0 d6 11. e4 e5 12. Bg5 h6 13. Bh4 g5 14. Bf2 Nh5 15. h4 Kg7 16. g4 Nf4 17. Ng3 Nxd3 18. Qxd3 Ne7 19. Rad1 gxh4 20. Nh5+ Kh8 21. Bxh4 Qd7 22. dxe5 Ng6 23. Bf6+ Kh7 24. Qe3 d5 25. exd5 Ba6 26. Bg7 Qe7 27. Qxh6+ 1-0

[Event "Titled Tuesday intern op 16th Jan Late"]
[Site "Chess.com INT"]
[Date "2024.01.16"]
[Round "9"]
[White "Quirke, Jeffrey"]
[Black "Saim, Mohamed Ilias"]
[Result "0-1"]
[WhiteElo "1986"]
[BlackElo "2169"]
[PlyCount "82"]
[EventDate "2024.01.16"]
[EventType "swiss (blitz)"]
[EventRounds "11"]
[EventCountry "USA"]
[SourceTitle "CB04_2024"]
[SourceDate "2023.10.16"]
[SourceVersion "1"]
[SourceVersionDate "2023.10.16"]
[SourceQuality "1"]

1. e4 c5 2. c3 d5 3. exd5 Nf6 4. Bb5+ Bd7 5. Bxd7+ Qxd7 6. c4 e6 7. dxe6 Qxe6+ 8. Qe2 Qxe2+ 9. Nxe2 Nc6 10. 0-0 0-0-0 11. Nbc3 Nb4 12. d3 Rxd3 13. Be3 Nc2 14. Rad1 Rxe3 15. fxe3 Nxe3 16. Nf4 Nxf1 17. Kxf1 Be7 18. Ke2 Re8 19. Kf3 Bd8 20. g4 h6 21. h4 Nd7 22. b3 Bxh4 23. Nb5 Ne5+ 24. Kg2 Kb8 25. Kh3 Bg5 26. Nd5 a6 27. Nd6 Re6 28. Nf5 g6 29. Ng3 Nf3 30. Rf1 Ne5 31. Ne4 Bd8 32. Nxc5 Rc6 33. Ne4 h5 34. gxh5 gxh5 35. Rf5 Re6 36. Rxh5 Ka7 37. Nc5 Re8 38. Na4 Ng6 39. Rh7 f5 40. Kg3 f4+ 41. Kf3 Rf8 0-1

[Event "Titled Tuesday intern op 16th Jan Late"]
[Site "Chess.com INT"]
[Date "2024.01.16"]
[Round "1"]
[White "Saim, Mohamed Ilias"]
[Black "Di Nicolantonio, Lucas"]
[Result "0-1"]
[WhiteElo "2169"]
[BlackElo "2395"]
[PlyCount "122"]
[EventDate "2024.01.16"]
[EventType "swiss (blitz)"]
[EventRounds "11"]
[EventCountry "USA"]
[SourceTitle "CB04_2024"]
[SourceDate "2023.10.16"]
[SourceVersion "1"]
[SourceVersionDate "2023.10.16"]
[SourceQuality "1"]

1. d4 g6 2. Nc3 Bg7 3. e4 d6 4. Be3 a6 5. f3 b5 6. Qd2 Nd7 7. Nge2 Bb7 8. g4 c5 9. Ng3 b4 10. Nd1 cxd4 11. Bxd4 Ne5 12. Be2 Nf6 13. Qxb4 Rb8 14. Qa3 0-0 15. Nf2 Nc6 16. Bc3 Nd7 17. Bxg7 Kxg7 18. h4 Qa5+ 19. Qxa5 Nxa5 20. b3 Rfc8 21. c4 Nc6 22. Rd1 a5 23. h5 Nc5 24. Nd3 Ne6 25. h6+ Kf8 26. Kf2 Ba6 27. Nb2 Nb4 28. a3 Nc2 29. Rd3 Ncd4 30. Bd1 Nc6 31. Ke3 Ne5 32. Rd5 Nc5 33. f4 Nc6 34. f5 Nxb3 35. fxg6 fxg6 36. Rf1+ Ke8 37. Ne2 Nc5 38. Nd4 Rxb2 39. Nxc6 Rxc6 40. Rxc5 Rxc5 41. Ba4+ Kd8 42. Rf8+ Kc7 43. Rf7 Re5 44. Rxh7 Rh2 45. Rh8 Bxc4 46. h7 Be6 47. Bb5 Bxg4 48. Ba6 Be6 49. Kd4 Reh5 50. a4 Rxh7 51. Rf8 Rf7 52. Ra8 Kb6 53. Bb5 Rd2+ 54. Ke3 Rc2 55. Ra6+ Kc5 56. Ra7 Kb4 57. Rb7 Ka3 58. Bd3 Rc3 59. Kd2 Rb3 60. Ra7 Rf2+ 61. Ke1 Rfb2 0-1

[Event "Titled Tuesday intern op 16th Jan Late"]
[Site "Chess.com INT"]
[Date "2024.01.16"]
[Round "7"]
[White "Saim, Mohamed Ilias"]
[Black "Ferriz Barrios, Andres"]
[Result "1/2-1/2"]
[WhiteElo "2169"]
[BlackElo "2102"]
[PlyCount "109"]
[EventDate "2024.01.16"]
[EventType "swiss (blitz)"]
[EventRounds "11"]
[EventCountry "USA"]
[SourceTitle "CB04_2024"]
[SourceDate "2023.10.16"]
[SourceVersion "1"]
[SourceVersionDate "2023.10.16"]
[SourceQuality "1"]

1. d4 f5 2. Bf4 e6 3. e3 Nf6 4. h3 d5 5. Nd2 Bd6 6. Bxd6 Qxd6 7. Ngf3 c6 8. Rg1 Nbd7 9. g4 fxg4 10. hxg4 e5 11. g5 Ne4 12. Nxe4 dxe4 13. Nxe5 Nxe5 14. dxe5 Qxe5 15. Qd4 Qxd4 16. exd4 Ke7 17. 0-0-0 Rd8 18. c3 Bf5 19. Re1 c5 20. dxc5 Rac8 21. Bg2 Rxc5 22. Bxe4 Kf8 23. Bxb7 Rb8 24. Be4 Be6 25. Bxh7 Bxa2 26. Bg6 Bf7 27. Bxf7 Kxf7 28. Re2 Ra5 29. Kb1 Rb6 30. f4 Rba6 31. Kc2 Rf5 32. Re4 Rb6 33. Rge1 Rfb5 34. b4 Rb7 35. Re5 R5b6 36. f5 Rc6 37. g6+ Kf6 38. Kb3 Rbc7 39. R1e3 Rxc3+ 40. Rxc3 Rxc3+ 41. Kxc3 Kxe5 42. Kc4 Kxf5 43. Kb5 Kxg6 44. Ka6 Kf5 45. Kxa7 g5 46. b5 g4 47. b6 g3 48. b7 g2 49. b8Q g1Q+ 50. Qb6 Qa1+ 51. Kb7 Qh1+ 52. Ka6 Qa1+ 53. Kb7 Qh1+ 54. Ka6 Qa1+ 55. Kb7 1/2-1/2

[Event "Titled Tuesday intern op 09th Jan Early"]
[Site "Chess.com INT"]
[Date "2024.01.09"]
[Round "3"]
[White "Saim, Mohamed Ilias"]
[Black "Ljukin, Sergei"]
[Result "0-1"]
[WhiteElo "2169"]
[BlackElo "2362"]
[PlyCount "58"]
[EventDate "2024.01.09"]
[EventType "swiss (blitz)"]
[EventRounds "11"]
[EventCountry "USA"]
[SourceTitle "CB03_2024"]
[SourceDate "2024.01.17"]
[SourceVersion "1"]
[SourceVersionDate "2024.01.17"]
[SourceQuality "1"]

1. c4 c6 2. d4 d5 3. Nf3 Nf6 4. e3 e6 5. Nbd2 c5 6. Bd3 Nc6 7. dxc5 Bxc5 8. cxd5 exd5 9. Nb3 Bd6 10. 0-0 Bg4 11. Be2 0-0 12. Nbd4 Ne4 13. b3 Nc3 14. Qd2 Nxe2+ 15. Qxe2 Nxd4 16. exd4 Qf6 17. Qd3 Bxf3 18. Qxf3 Qxd4 19. Be3 Qe4 20. Rfd1 Rfd8 21. Qh5 g6 22. Qh6 Be5 23. Rac1 d4 24. Rc4 dxe3 25. Rxd8+ Rxd8 26. fxe3 Rd1+ 27. Kf2 Qf5+ 28. Rf4 Bxf4 29. Qg7+ Kxg7 0-1

[Event "Titled Tuesday intern op 09th Jan Early"]
[Site "Chess.com INT"]
[Date "2024.01.09"]
[Round "4"]
[White "Travkina, Anastasia"]
[Black "Saim, Mohamed Ilias"]
[Result "1-0"]
[WhiteElo "2202"]
[BlackElo "2169"]
[PlyCount "71"]
[EventDate "2024.01.09"]
[EventType "swiss (blitz)"]
[EventRounds "11"]
[EventCountry "USA"]
[SourceTitle "CB03_2024"]
[SourceDate "2024.01.17"]
[SourceVersion "1"]
[SourceVersionDate "2024.01.17"]
[SourceQuality "1"]

1. e4 c5 2. Nf3 Nc6 3. d4 cxd4 4. Nxd4 Nf6 5. Nc3 e5 6. Ndb5 d6 7. Nd5 Nxd5 8. exd5 Ne7 9. a4 Ng6 10. Be2 a6 11. Na3 Be7 12. 0-0 f5 13. f4 e4 14. Be3 0-0 15. Nc4 Bd7 16. a5 Bb5 17. Nb6 Bxe2 18. Qxe2 Rb8 19. c4 Bf6 20. Rac1 Ne7 21. b4 Nc8 22. Rfd1 Nxb6 23. Bxb6 Qd7 24. c5 Rbc8 25. Qc4 Qa4 26. c6 Kh8 27. Rd2 Qa3 28. Rdc2 Bb2 29. Rb1 Bf6 30. Ra2 Qd3 31. Qxd3 exd3 32. cxb7 Rc2 33. Rxc2 dxc2 34. Rc1 Rb8 35. Rxc2 g5 36. Rc8+ 1-0

[Event "Titled Tuesday intern op 19th Dec Early"]
[Site "Chess.com INT"]
[Date "2023.12.19"]
[Round "4"]
[White "Saim, Mohamed Ilias"]
[Black "Dilmukhametov, Artur"]
[Result "1-0"]
[WhiteElo "2169"]
[BlackElo "2276"]
[PlyCount "49"]
[EventDate "2023.12.19"]
[EventType "swiss (blitz)"]
[EventRounds "11"]
[EventCountry "USA"]
[SourceTitle "CB52_2023"]
[SourceDate "2023.12.27"]
[SourceVersion "1"]
[SourceVersionDate "2023.12.27"]
[SourceQuality "1"]

1. d4 Nf6 2. c4 g6 3. Nf3 d5 4. cxd5 Nxd5 5. e4 Nb6 6. h3 Bg7 7. Nc3 0-0 8. a4 Nc6 9. a5 Nd7 10. Be2 e5 11. d5 Nd4 12. 0-0 h6 13. Be3 Nxe2+ 14. Qxe2 Re8 15. Qc4 Nf6 16. Nb5 c6 17. dxc6 bxc6 18. Nxa7 Be6 19. Qxc6 Qb8 20. Qb6 Nxe4 21. Qxb8 Rexb8 22. Nc6 Rxb2 23. Ncxe5 Rb5 24. Bd4 Raxa5 25. Rxa5 1-0

[Event "Titled Tuesday intern op 29th Aug Late"]
[Site "Chess.com INT"]
[Date "2023.08.29"]
[Round "3"]
[White "Saim, Mohamed Ilias"]
[Black "Reprintsev, Alexander"]
[Result "0-1"]
[WhiteElo "2169"]
[BlackElo "2225"]
[PlyCount "92"]
[EventDate "2023.08.29"]
[EventType "swiss (blitz)"]
[EventRounds "11"]
[EventCountry "USA"]
[SourceTitle "EXT 2024"]
[Source "ChessBase"]
[SourceDate "2023.10.10"]
[SourceVersion "1"]
[SourceVersionDate "2023.10.10"]
[SourceQuality "1"]

1. c4 e5 2. g3 c6 3. Bg2 d5 4. d4 e4 5. Nc3 Bb4 6. a3 Bxc3+ 7. bxc3 dxc4 8. Bxe4 Nf6 9. Bg5 h6 10. Bxf6 Qxf6 11. Bg2 0-0 12. Nf3 Re8 13. 0-0 Bf5 14. Ne5 b5 15. a4 bxa4 16. Qxa4 a5 17. Qxc4 Ra7 18. e3 Rc8 19. Qc5 Qe7 20. Qxe7 Rxe7 21. Rxa5 c5 22. Ra8 f6 23. Nc6 Nxc6 24. Rxc8+ Bxc8 25. Bxc6 Ra7 26. Rb1 Kf7 27. Kg2 Ra3 28. c4 cxd4 29. exd4 Rc3 30. Rb8 Bf5 31. Rb7+ Kg6 32. Rb4 Bd3 33. Bd5 h5 34. h3 Be2 35. c5 Kf5 36. g4+ hxg4 37. hxg4+ Kxg4 38. Be6+ Kg5 39. Bd5 f5 40. c6 Kf4 41. Rb7 Rc1 42. c7 Bf1+ 43. Kh2 Ba6 44. Ra7 Bc8 45. Bg2 g5 46. d5 Ke5 0-1

[Event "Titled Tuesday intern op 08th Aug Early"]
[Site "Chess.com INT"]
[Date "2023.08.08"]
[Round "1"]
[White "Ismagilov, Damir"]
[Black "Saim, Mohamed Ilias"]
[Result "1-0"]
[WhiteElo "2147"]
[BlackElo "2169"]
[PlyCount "69"]
[EventDate "2023.08.08"]
[EventType "swiss (blitz)"]
[EventRounds "11"]
[EventCountry "USA"]
[SourceTitle "EXT 2024"]
[Source "ChessBase"]
[SourceDate "2023.10.10"]
[SourceVersion "1"]
[SourceVersionDate "2023.10.10"]
[SourceQuality "1"]

1. d4 Nf6 2. c4 e6 3. Nc3 Bb4 4. e3 b6 5. Nge2 Bb7 6. a3 Be7 7. d5 exd5 8. cxd5 0-0 9. g3 d6 10. Bg2 Nbd7 11. 0-0 Re8 12. e4 Bf8 13. Nd4 g6 14. b4 a5 15. Bb2 Bg7 16. Re1 Ne5 17. Bf1 Bc8 18. h3 Bd7 19. f4 axb4 20. axb4 Rxa1 21. Bxa1 Nh5 22. Nce2 c5 23. fxe5 cxd4 24. g4 Bxe5 25. gxh5 Qh4 26. Bxd4 Bxh3 27. Bxh3 Qxh3 28. Bxe5 Rxe5 29. Kf2 Rxe4 30. Ng3 Rg4 31. Qf3 Qh4 32. Re8+ Kg7 33. Kg2 Rf4 34. Qc3+ Kh6 35. Qe3 1-0

[Event "Titled Tuesday intern op 08th Aug Early"]
[Site "Chess.com INT"]
[Date "2023.08.08"]
[Round "9"]
[White "Kuznecova, Marija"]
[Black "Saim, Mohamed Ilias"]
[Result "1-0"]
[WhiteElo "2023"]
[BlackElo "2169"]
[PlyCount "109"]
[EventDate "2023.08.08"]
[EventType "swiss (blitz)"]
[EventRounds "11"]
[EventCountry "USA"]
[SourceTitle "EXT 2024"]
[Source "ChessBase"]
[SourceDate "2023.10.10"]
[SourceVersion "1"]
[SourceVersionDate "2023.10.10"]
[SourceQuality "1"]

1. e4 c6 2. d4 d5 3. e5 Bf5 4. Nf3 e6 5. Be2 c5 6. Be3 Qb6 7. Nc3 Qxb2 8. Qb1 Qxb1+ 9. Rxb1 b6 10. dxc5 Bxc5 11. Bxc5 bxc5 12. Rb7 a6 13. Kd2 Ne7 14. Na4 Nbc6 15. Nxc5 0-0 16. Bxa6 Rfc8 17. Rxe7 Nxe7 18. Bxc8 Rxc8 19. Nd3 Ra8 20. Nb4 Ra4 21. c3 Be4 22. Rg1 Bxf3 23. gxf3 Ng6 24. Re1 h6 25. Kc2 Ne7 26. Kb3 Ra7 27. a4 Nf5 28. Rd1 Nh4 29. Rd3 Ng6 30. Re3 Kf8 31. Nc6 Ra6 32. Nd4 Ke7 33. Nb5 Kd7 34. Kb4 Kc6 35. Re1 Ne7 36. Rc1 Kb6 37. Nd6 Nc6+ 38. Ka3 Nxe5 39. Rb1+ Kc6 40. Nb5 Nc4+ 41. Kb4 Nd6 42. Rg1 g6 43. Nd4+ Kb6 44. Rb1 Kc7 45. Ka3 Nc4+ 46. Kb4 Nb6 47. Nb5+ Kd7 48. a5 Nc4 49. Ra1 Kc6 50. Nd4+ Kd6 51. Kb5 Ra8 52. Nc6 Kc7 53. a6 Nd6+ 54. Kc5 Nc8 55. a7 1-0

[Event "Titled Tuesday intern op 25th Jul Early"]
[Site "Chess.com INT"]
[Date "2023.07.25"]
[Round "10"]
[White "Fajdetic, Hrvoje"]
[Black "Saim, Mohamed Ilias"]
[Result "0-1"]
[WhiteElo "2151"]
[BlackElo "2169"]
[PlyCount "60"]
[EventDate "2023.07.25"]
[EventType "swiss (blitz)"]
[EventRounds "11"]
[EventCountry "USA"]
[SourceTitle "EXT 2024"]
[Source "ChessBase"]
[SourceDate "2023.10.10"]
[SourceVersion "1"]
[SourceVersionDate "2023.10.10"]
[SourceQuality "1"]

1. f4 c5 2. e4 g6 3. Nf3 Bg7 4. d3 Nc6 5. Be2 d6 6. 0-0 Bg4 7. c3 Nf6 8. a4 0-0 9. Na3 e5 10. Nc4 Re8 11. Qe1 Be6 12. Na3 Nh5 13. fxe5 dxe5 14. Ng5 Nf4 15. Bxf4 exf4 16. Nxe6 fxe6 17. Rxf4 Bh6 18. Rf3 Ne5 19. Rh3 Bg7 20. Rd1 Qb6 21. Qd2 Rad8 22. Kh1 Rf8 23. d4 Qb3 24. Qc2 Qxc2 25. Nxc2 cxd4 26. cxd4 Nc6 27. d5 exd5 28. exd5 Rf2 29. dxc6 Rxd1+ 30. Bxd1 Rf1# 0-1

[Event "Titled Tuesday intern op 25th Jul Early"]
[Site "Chess.com INT"]
[Date "2023.07.25"]
[Round "11"]
[White "Qiao, Cindy"]
[Black "Saim, Mohamed Ilias"]
[Result "1-0"]
[WhiteElo "1785"]
[BlackElo "2169"]
[PlyCount "69"]
[EventDate "2023.07.25"]
[EventType "swiss (blitz)"]
[EventRounds "11"]
[EventCountry "USA"]
[SourceTitle "EXT 2024"]
[Source "ChessBase"]
[SourceDate "2023.10.10"]
[SourceVersion "1"]
[SourceVersionDate "2023.10.10"]
[SourceQuality "1"]

1. d4 Nf6 2. Bf4 d5 3. e3 c5 4. Nf3 Nc6 5. Nbd2 Qb6 6. dxc5 Qxb2 7. Rb1 Qc3 8. Bb5 Qxc5 9. 0-0 Bf5 10. Nd4 Bd7 11. N2b3 Qb6 12. c4 e5 13. Bxc6 exf4 14. Bxd7+ Nxd7 15. exf4 Be7 16. Nf5 Qf6 17. Nxe7 Kxe7 18. Qxd5 Rhd8 19. Qxb7 Kf8 20. Qf3 Kg8 21. Rfd1 Rac8 22. Rbc1 Nc5 23. h3 Ne6 24. g3 Rxd1+ 25. Qxd1 Rd8 26. Qf3 Qb2 27. Qc3 Qxa2 28. c5 Rc8 29. c6 a5 30. Nxa5 Qe2 31. Nb7 h5 32. Nd6 Rc7 33. Re1 Qa6 34. Nf5 Rxc6 35. Qb2 1-0